000 00855naa a22002537u 4500
001 06441
003 HDC
007 cr cn ---aaaaa
008 210123p2011 ||||| |||| 00| 0 may d
040 _aHDC
100 _aMahamad Khan
_eauthor
_96895
245 0 _aDewan Ekonomi : Transformasi Industri Halal / by
_cMahamad Khan
260 _a[no place] :
_b[publisher not identified],
_c2011
300 _a1 online resource ( 9 pages)
336 _atext
_2rdacontent
337 _acomputer
_2rdamedia
338 _aonline resource
_2rdacarrier
650 _aHalal industry
_zMalaysia
_9204
650 _aHalal product
_948
856 _zRequest full-text at [email protected]
942 _2lcc
942 _cAR
942 _kEMAG 000266
999 _c3765
_d3765